| 000 | 00524nam a2200181 a 4500 | ||
|---|---|---|---|
| 005 | 20140412111303.0 | ||
| 008 | 001111s19uu xx 00 eng d | ||
| 020 | _a0-679-80749-7 | ||
| 050 |
_aER _bBe35Fo 1991 |
||
| 100 | _aBerenstain, Stan | ||
| 245 |
_aBerenstain Bears (The)/ : _cStan and Jan Berenstain. _bFour seasons / |
||
| 260 |
_aNew York : _bRandom House, _c1991. |
||
| 300 | _a1 v. (unp.) ; ill. | ||
| 440 | _aA First Time Book | ||
| 650 | _aBears -- stories | ||
| 650 | _aWeather--Fiction | ||
| 999 |
_c103493 _d103493 |
||